Die Gestalt der deutschen Stadt : Ihr Wandel aus der geistigen Ordnung der Zeiten /

Сохранить в:
Библиографические подробности
Главный автор: Gruber, Karl (autor)
Формат:
Язык:German
Опубликовано: Munich, Alemania : Callwey, 1952
Метки: Добавить метку
Нет меток, Требуется 1-ая метка записи!

MARC

LEADER 00000nam^a2200000^a^4500
001 000554956
005 20250526000000.0
009 20260310131709.159
037 |a Acervo ITESO - Biblioteca 
041 |a ALE 
091 |a FHA. 00786 
100 |a Gruber, Karl  |e (autor) 
245 1 4 |a Die Gestalt der deutschen Stadt :  |b Ihr Wandel aus der geistigen Ordnung der Zeiten / 
264 1 |a Munich, Alemania :  |b Callwey,  |c 1952 
300 |a 198 p. ;  |c 26.0 cm. 
336 |a texto  |b txt  |2 rdacontenido 
337 |a sin mediación  |b n  |2 rdamedio 
338 |a volumen  |b nc  |2 rdasoporte 
515 |a Inventario familia Hartung: 1020 
649 |a XX 
910 |a Fondo Horst Hartung Franz 
920 |a Impresos - Libros 
930 |a Libros Antiguos y Raros 
905 |a 135 
901 |a 0500331762  |b IT2  |c LRA  |i D  |u 20250526 
902 |a https://opac.biblio.iteso.mx/vufind/Record/000554956